| 000 | 00941nam a2200277 i 4500 | ||
|---|---|---|---|
| 003 | DO-SdBNP | ||
| 005 | 20250714140128.0 | ||
| 007 | ta | ||
| 008 | 250714b2025 dr ||| r ||| 00| e spa d | ||
| 020 | _a9789945224238 | ||
| 040 |
_aDO-SdBNP _bspa _cBNPHU _erda |
||
| 041 | _aspa | ||
| 082 | 4 |
_axxx _bG934 _222 |
|
| 100 | 1 |
_aGuerrero, Laureano, _d1952- _eautor _4aut. _977343 |
|
| 245 | 1 | 0 |
_aYolanda : _bla norsa que educó al presidente / _cLaureano Guerrero |
| 264 | 1 |
_aSanto Domingo : _bEditora Búho, _c2025. |
|
| 300 |
_a102 páginas _c23 cm. |
||
| 336 |
_atexto _btxt _2rdacontent |
||
| 337 |
_asin mediación _bn _2rdamedia |
||
| 338 |
_avolumen _bnc _2rdacurrier |
||
| 500 | _aIncluye datos biografícos del autor en la solapa de la cubierta. | ||
| 520 | _aEs sobre la vida de Doña Yolanda, madre del doctor Leonel Fernández. Una historia novelada | ||
| 590 | _aInventariado, 2025/ YL | ||
| 910 | _aYLockward | ||
| 942 |
_2ddc _cLBS1 |
||
| 999 |
_c59529 _d59529 |
||